Upkar's modern essays / (Record no. 56351)

MARC details
000 -LEADER
fixed length control field 00732nam a22002057a 4500
005 - DATE AND TIME OF LATEST TRANSACTION
control field 20110906103618.0
010 ## - LCCN (DPL NO)
LC control number G-001256
020 ## - INTERNATIONAL STANDARD BOOK NUMBER
International Standard Book Number 9788174821126
Terms of availability 105.00
035 ## - SYSTEM CONTROL NUMBER
System control number G-001256
037 ## - SOURCE OF ACQUISITION
Source of stock number/acquisition Gift
082 ## - DEWEY DECIMAL CLASSIFICATION NUMBER
Classification number 485
100 ## - MAIN ENTRY--PERSONAL NAME
Personal name Goyal, Brij Kishore
245 ## - TITLE STATEMENT
Title Upkar's modern essays /
Statement of responsibility, etc by Brij Kishore Goyal
260 ## - PUBLICATION, DISTRIBUTION, ETC. (IMPRINT)
Place of publication, distribution, etc Agra
Name of publisher, distributor, etc Upkar Prakashan
Date of publication, distribution, etc 201?
270 ## - ADDRESS
Address 4840/24, Govind Lane, Ansari Raod, Daryaganj
City New Delhi
Postal code 110002
300 ## - PHYSICAL DESCRIPTION
Extent viii, 255p.
Dimensions 23cm(pbk)
942 ## - ADDED ENTRY ELEMENTS (KOHA)
Source of classification or shelving scheme Dewey Decimal Classification
Item type English Books
Classification part 485
Call number suffix GOY
Holdings
Withdrawn status Lost status Not for loan Collection code Home library Current library Date acquired Source of acquisition Cost, normal purchase price Full call number Barcode Copy number Cost, replacement price Koha item type
      Non-fiction Janak Puri Janak Puri 06/09/2011 gift 105.00 485 GOY G-001256 1 105.00 English Books

© Delhi Public Library
Hit Counter
free hit counter